000 01617nam0a2200325 4500
001 RU\NLR\BIBL_A\011785875
005 20260406211451.0
021 _aRU
_b94-30570
035 _a(NLR Aleph) 011785875
090 _a11800433
_c11800433
100 _a20180911d1994 |||y0rusy50 ca
101 0 _arus
102 _aRU
105 _aa z 000zy
200 1 _aУстановка для измерения параметров вращения спина A и R в упругом пион-протонном рассеянии "СПИН-ЛМ"
_fН.А. Бажанов, Ю.А. Белоглазов, В.С. Бекренев [и др.]
210 _aМосква
_cИнститут теоретической и экспериментальной физики
_d1994
215 _a[1], 22 с.
_cил.
_d20
225 1 _aПрепринт
_fИнститут теоретической и экспериментальной физики
_v52-94
320 _aБиблиогр.: с. 22
606 _aПи-мезоны
_xУпругое рассеяние на протонах
_92399737
_3RU\NLR\AUTH\6601650366
686 1 _aВ382.32
701 1 _aБажанов
_bН. А.
701 1 _aБелоглазов
_bЮ. А.
701 1 _aБекренев
_bВ. С.
_gВладимир Сергеевич
712 0 2 _4650
_aИнститут теоретической и экспериментальной физики
_cМосква
_9433570
_3RU\NLR\AUTH\889968585
852 _aNLR
_j94-4/8929
942 _cBOOK
980 _aNB